000 00323nam a2200145Ia 4500
005 20251222143151.0
008 251222s9999||||xx |||||||||||||| ||spa||
020 _a8495787474
082 _a597/L98
100 _aLundin, Estephen C.
245 0 _aFish!:
250 _a1ra.ed.
264 _bEdiciones Urano
942 _cLIB
999 _c12697
_d12697